00357cam a22001097a 4500008004000000082001900040100001700059245006200076260006300138300001000201650003600211180718b1989 xxu||||| |||| 00| 0 eng d aL71503x54 B179 aBakshi, P.M. aForum selection clause and other lecturescby P.M. Bakshi aLucknowbInstitute of Judicial Training and Researchc1989 a155p. aContracts - Legislation - India